banner koha

Calibracao do teste de tetrazolio em sementes de castanha-do-Brasil [Berthollettia excelsa; Brasil] (Registro n. 270290)

MARC details
000 -LÍDER
campo de controle de tamanho fixo 01184nac a22003377a 4500
001 - NÚMERO DE CONTROLE
campo de controle BR8000200
003 - IDENTIFICADOR DO NÚMERO DE CONTROLE
campo de controle BR-BrBNA
005 - DATA E HORÁRIO DA ÚLTIMA TRANSAÇÃO
campo de controle 20240105114612.0
008 - CAMPO DE DADOS FIXOS--INFORMAÇÃO GERAL
campo de controle de tamanho fixo 230509b bl.|||m| |||| 00| 0 por d
040 ## - FONTE DA CATALOGAÇÃO
Instituição da catalogação original BR-BrBNA
Idioma da catalogação por
Instituição que transcreveu o registro Biblioteca Nacional de Agricultura
072 ## - CÓDIGO DE CATEGORIA DE ASSUNTO
Código de Categoria de Assunto F00
090 ## - NÚMERO DE CHAMADA LOCAL
Número de chamada 1215 BR8000200
100 1# - ENTRADA PRINCIPAL--NOME PESSOAL
Nome pessoal Reis, G.G. dos
100 1# - ENTRADA PRINCIPAL--NOME PESSOAL
Nome pessoal Carvalho, J.E.U. de
100 1# - ENTRADA PRINCIPAL--NOME PESSOAL
Nome pessoal Muller, C.H.
100 1# - ENTRADA PRINCIPAL--NOME PESSOAL
Nome pessoal Figueiredo, F.J.C.
110 1# - ENTRADA PRINCIPAL--NOME CORPORATIVO
Nome corporativo ou nome da jurisdição Centro de Pesquisa Agropecuaria do Tropico Umido, Belem, PA (Brasil)
245 1# - TÍTULO
Título Calibracao do teste de tetrazolio em sementes de castanha-do-Brasil [Berthollettia excelsa; Brasil]
246 1# - FORMA VARIANTE DO TÍTULO
Título/título abreviado [Calibration of the tetrazole test in seeds of Brazil nut [Berthollettia excelsa; Brazil]]
260 3# - PUBLICAÇÃO, DISTRIBUIÇÃO, ETC.
Local de publicação, distribuição, etc. Belem, PA (Brasil):
Data da publicação, distribuição, etc. Jan 1979.
300 ## - DESCRIÇÃO FÍSICA
Extensão 9 p.
490 ## - TÍTULO DA SÉRIE
Título da série Comunicado Tecnico - Centro de Pesquisa Agropecuaria do Tropico Umido (Brazil)
Número do volume ou designação sequencial da série no. 17
ISSN - International Standard Serial Number
500 ## - NOTA GERAL
Nota geral 22 ref.; Summaries (En, Pt)
650 ## - ASSUNTO--TERMO TÓPICO
Cabeçalho tópico ou nome geográfico Producao vegetal
650 ## - ASSUNTO--TERMO TÓPICO
Cabeçalho tópico ou nome geográfico Castanha do para
650 ## - ASSUNTO--TERMO TÓPICO
Cabeçalho tópico ou nome geográfico Semente
650 ## - ASSUNTO--TERMO TÓPICO
Cabeçalho tópico ou nome geográfico Germinacao
650 ## - ASSUNTO--TERMO TÓPICO
Cabeçalho tópico ou nome geográfico Teste de vigor
909 ## -
-- 202312
-- Lúcia Elande
-- 55
-- Lúcia Elande
942 ## - ELEMENTOS DE ENTRADA ADICIONADOS (KOHA)
Fonte da classificação ou esquema de arquivamento na estante Classificação AGRIS
Ocultar no OPAC Não
Tipo de material Koha Monografia Seriada
Exemplares
Situação do descarte Fonte da classificação ou esquema de arquivamento na estante Situação física Não pode ser emprestado Coleção Biblioteca de origem Biblioteca atual Localização na estante Total de empréstimos Número de telefone completo Código de barras Data de último acesso Tipo de material Koha Fonte de aquisição
  Classificação AGRIS       Biblioteca Nacional de Agricultura - Binagri Biblioteca Nacional de Agricultura - Binagri Agrobase - Acervo Geral   1215 BR8000200 1215 BR8000200 18/12/2023 Monografia Seriada Portaria Interministerial nº 164/94

BINAGRI

Telefone: (61)3218-2567/2388/3357/2097 - binagri@agro.gov.br

Ministério da Agricultura e Pecuária , Esplanada dos Ministérios, Bloco D, Anexo B, Brasília/DF, CEP: 70.043-900